Česká touha Naše sexualita v příbězích a souvislostech
Saved in:
| Main Author | |
|---|---|
| Format | Electronic eBook |
| Language | Czech |
| Published |
Jan Melvil Publishing
2026
|
| Edition | 1. elektronické vydání |
| Subjects | |
| Online Access | Dostupné v BOOKPORT po přihlášení pomocí eduID |
| ISBN | 978-80-7555-316-4 978-80-7555-315-7 |
| Physical Description | 1 online zdroj (392 stran) |
| LEADER | 00000nam a2200000 i 4500 | ||
|---|---|---|---|
| 001 | bkp505469317 | ||
| 003 | CZ-prgp | ||
| 005 | 20260413102031.0 | ||
| 006 | m o d | ||
| 007 | cr cn | ||
| 008 | 260413s2026 xr o 000 0 cze | ||
| 020 | |a 978-80-7555-316-4 |c 315 Kč |q (online ; epub) | ||
| 020 | |a 978-80-7555-315-7 |c 449 Kč |q (print) | ||
| 040 | |a Grada |b cze |e rda | ||
| 100 | 1 | |a Hana, Vacková | |
| 245 | 1 | 0 | |a Česká touha |b Naše sexualita v příbězích a souvislostech |c Vacková Hana |
| 250 | |a 1. elektronické vydání | ||
| 264 | 1 | |b Jan Melvil Publishing |c 2026 | |
| 300 | |a 1 online zdroj (392 stran) | ||
| 336 | |a text |b txt |2 rdacontent | ||
| 337 | |a počítač |b c |2 rdamedia | ||
| 338 | |a online zdroj |b cr |2 rdacarrier | ||
| 520 | 3 | |a Je naše sexualita opravdu naše? Nebo jen odráží příběhy, na kterých jsme vyrostli? Novinářka Hana Vacková pootevírá na základě devatenácti intimních zpovědí dveře do českých ložnic. Díky zasazení do širšího kontextu i komentářům odborníků pochopíte, jak lidskou sexualitu formují psychologické a společenské vlivy - od křesťanské tradice přes sociální sítě až po zpracování traumatu. A jak hluboko pronikají do našich očekávání. Touha nezná hranice ani normy. V hlavě si jich ale stavíme spoustu. ## Kniha vám mimo jiné odhalí: * Žádná "normální" sexualita neexistuje. V pořádku je vše, co probíhá dobrovolně mezi zralými lidmi, kteří nejsou blízcí příbuzní a nikomu nepůsobí újmu. * Sexualita není neměnná vlastnost, ale dynamický systém, který se během života mění vlivem stresu, hormonů i nabytých zkušeností. * Spokojený intimní život není otázkou talentu ani chemie, ale dovedností, které si můžeme osvojit během života. Česká touha není sbírkou pikantních historek. Je citlivou průvodkyní lidskou sexualitou - v celé její složitosti, křehkosti a rozmanitosti. A najdete se v ní i vy. ## O autorce Hana Vacková (* 1981) Jako nezávislá novinářka se věnuje tématům sexuality a sexuologie a usiluje o kultivaci veřejné debaty a sexuální kultury v Česku. Víc než deset let působila v tradičních médiích včetně MF DNES, Hospodářských novin a Ekonom. V roce 2022 založila publicistický projekt SexInteligence.cz (dříve Hledání sexuálního grálu), který propojuje autentické příběhy lidí s komentáři odborníků a přináší komplexní pohled na lidskou sexualitu. O intimitě a vztazích píše otevřeně, s respektem k individuálním rozdílům a s oporou v aktuálních vědeckých výzkumech. | |
| 650 | 0 | 4 | |a Zdraví a životní styl |
| 650 | 0 | 4 | |a Partnerské vztahy |
| 650 | 0 | 4 | |a Sebepoznání |
| 650 | 0 | 4 | |a Vztahy, láska, rodina |
| 856 | 4 | 0 | |u https://www.bookport.cz/AccountSaml/SignIn/?idp=https://shibboleth.utb.cz/idp/shibboleth&returnUrl=/kniha/ceska-touha-15946/ |y Dostupné v BOOKPORT po přihlášení pomocí eduID |